000 02899naa a2200337Ia 4500
003 OSt
005 20260424110341.0
007 a
008 260424s2020 xx 000 0 und d
040 _aFoundation University
_beng
_cFoundation University
_erda
050 _aGS (MBA-FS) LG 221 D35 G73
_bA5 B87 2019 A73
099 _a2460
100 _aApas, Joshua B.
_95261
_eauthor.
245 1 0 _aEstablishment of larbemco water supply system in Sitio Lapay, Bayawan City, Negros Oriental /
_cby Josua B. Apas
260 _aDumaguete City :
_bFoundation University ;
_c2019
264 _c2019
_42019
300 _a 85 leaves :
_bill. (col.) photographs ;
_c28 cm
_3appendices
_fleaves
336 _2rdacontent
_atext
_btxt
337 _2rdamedia
_aunmediated
_bn
338 _3leaves
_avolume
_bnc
502 _aGraduate feasibility study (Master of Business Administration) -- Foundation University, 2019.
504 _aIncludes bibliographical references and appendices.
520 _aABSTRACT The study aims to assess the feasibility of establishing a water supply system in Sitio Lapay, Bayawan City, Negros Oriental because of inadequate access to safe and clean water by the people in the area. People suffer water shortages and breakdowns especially during dry season when water sources such as open wells, deep wells and collected rain water are unavailable for consumption. The survey was conducted to 167 selected household respondents in three purok of the sitio namely Purok 1, Purok 2 and Purok 3 to answer the survey questions and interview Significantly, the results concluded that the establishment of a water supply system in the area is feasible in the five aspects of the study namely, the marketing, the management, the technical, the financial and the socio-economic aspect. The establishment of the project is feasible in its marketing and technical aspects because based on survey result, 85% of the respondents are willing to patronize the other water supplier in the area and it is found that the project has a sustainable water source that is clean, safe and potable water to supply water in the operation. In addition, the proponent of the project which is the existing cooperative in Sitio Lapay is willing to fund the project as a business expansIon of the cooperative. It is as well feasible in its
650 _aWater-supply
_xPlanning
_zPhilippines
_zBayawan City
_915645
650 _aWater utilities
_z Philippines
_915646
_xManagement.
650 _aWater resources development
_xEconomic aspects.
_z Philippines
_915647
650 _aRural water supply
_zPhilippines.
_915648
650 _aFeasibility studies
_xPublic utilities
_915649
_zPhilippines
658 _aCapston/Thesis Writing 2 :
_bBusiness Administration, Master Of ;
_cMBA214.
942 _2lcc
_cFS
_hLG 221 D35 G73
_iA5 B87 2019 A73
_kGS (MBA-FS)
_n0
999 _c5807
_d5807